00759cam a2200217 a 450000500170000002000280001704000330004508200140007810000230009224500990011526000460021430000570026050000200031750400190033754600090035665000160036565000160038170000250039785600600042285600590048220251002115302.0 a0471401420 cTZS 8000/= aMCCLbeng.eAACR 2nd.ed.rev. a519.5 PEL1 aPelosi, Marilyn K.10aElementary statistics :bfrom discovery to decision /cMarilyn K. Pelosi, Theresa M. Sandifer. aHoboken, NJ :bJohn Wiley & Sons,cc2003. a1 v. (various pagings) :bill. (some col.) ;c29 cm. aIncludes index. aIncludes index aeng. 0aStatistics. 0aProbability1 aSandifer, Theresa M.42uhttp://www.loc.gov/catdir/bios/wiley042/2003271891.html41uhttp://www.loc.gov/catdir/toc/wiley032/2003271891.html